Countries on a straight line between Lima and Kathmandu - Statistics

General Stats
  • This quiz has been taken 17 times
  • The average score is 13 of 23
Answer Stats
Country % Correct
India
100%
Brazil
93%
Nepal
93%
Peru
87%
Afghanistan
80%
Pakistan
73%
China
67%
France
53%
Russia
53%
Hungary
47%
Italy
47%
Romania
47%
Spain
47%
Ukraine
47%
Uzbekistan
47%
Austria
40%
Guyana
40%
Kazakhstan
40%
Moldova
40%
Switzerland
40%
Turkmenistan
40%
Tajikistan
33%
Venezuela
33%
No matching quizzes found
Score Distribution
Percent of People with Each Score
Percentile by Number Answered
Your Score History
You have not taken this quiz